Регионална библиотека "Любен Каравелов" - Русе

Горското стопанство в Германската демократична република (Запис номер 444174)

MARC детайли
000 -Лидер
Контролно поле с фиксирана дължина nam a22 a 4500
003 - Код на организацията, давaща контролен номер
Контролно поле BLK
005 - Дата и час на последна редакция
Контролно поле 20220208161529.0
008 - Елементи от данни с фиксирана дължина
fixed length control field 220208b bu |||||r|||| 00| | bu d
040 ## - Източник на каталожния запис
Идентификатор на билиотеката - собственик на записа BLK
041 ## - Код за език
Код за езика на текст/звукозапис или на отделно заглавие Български
Код за езика КДБФ Български
080 ## - УДК
Текстов определител УДК Горско стопанство. Лесовъдство
УДК код - определител по УДК 630
УДК определител (430)
УДК - код + определител 630(430)
100 1# - Редна дума - Автор
R(LIN) 50279
Автор Въчовски, Христо Иванов
Авторска отговорност първи автор
139 ## - Редно поле
Редна дума Въчовски, Христо
245 ## - Сведения за заглавието
Заглавие Горското стопанство в Германската демократична република
Редно поле (дума) Христо Въчовски
260 ## - Област на издателските данни
9 (RLIN) 209440
Място на издаване, разпространение и проч. София
Име на издателя, разпространителя и проч. Земиздат
Година на издаване 1957
Издателство - префикс ISBN 954-05-
300 ## - Физическа характеристика
Страници 80 с.
Илюстрации и др. с ил.
Размери/Мащаб 18 см
380 ## - Жанр
Жанр Селско стопанство
650 #7 - Допълнително описание по предмет – тема
9 (RLIN) 152316
Основно описание – тема или топоним Горско стопанство
653 #7 - Ключова дума – ненормативна
9 (RLIN) 184269
Ключова дума горско стопанство
653 #7 - Ключова дума – ненормативна
9 (RLIN) 184110
Ключова дума Германия
852 ## - Местоположение
Форматна сигнатура Цб I 1200
Фондова буква Основен фонд - ползва се само за читалня
999 ## - СИСТЕМНИ КОНТРОЛНИ НОМЕРА
Koha biblionumber 444174
Koha biblioitemnumber 444174
942 ## - АРТИКУЛИ
Вид на библиотечния материал Книги
Скрит в OPAC Не
Периодичен библиозапис Да
944 ## - СЪЗДАВАНЕ И РЕДАКЦИЯ на ЗАПИСА
Създаване/Редакция Създаване
Дата на регистрацията/редакция 2022-02-08
Служител, извършил регистрацията/редакцията Христина Везирева
Наличности
Код за отписване Код за изгубен артикул Източник на класификационната схема Код за повреда Коз за рестрикции Код за отдаване Артикулен № Име на библиотеката - собственик Име на библиотеката, в която се намира в момента Статус (Текущо местоположение) Дата на вписване в системата Местоположение - отдел Цена в лева Инвентарен номер Систематично азбучна сигнатура Баркод Цена в евро Служебен тип на артикула
  Не е изгубен Universal Decimal Classification Не е повреден без рестрикции ползва се в читалня 870118 Регионална библиотека "Любен Каравелов" Русе Регионална библиотека "Любен Каравелов" Русе Основен фонд - ползва се само за читалня 2022-02-09 Хранилище 0.16 5243/57 Цб I 1200 900000025092 0.08 Книги
Vip Innovations Ltd, Rousse, Bulgaria 2025